000
00308nam a22001337a 4500
008
170711b xxu||||| |||| 00| 0 eng d
020
_a
0893564966
041
_a
eng
080
_2
9th
_a
030
100
_a
23
101
_a
ENC
245
_a
Encyclopedia of BANKING & FINANCE
_c
Woelfel, Ch.J
942
_2
udc
_c
BK
999
_c
20237
_d
20237